Statistics for Most Visited States in the U.S.

Click here to take the quiz!

General Stats

  • This quiz has been taken 47 times
  • The average score is 17 of 20

Answer Stats

RankState% Correct
1California
100%
2Florida
100%
New York
100%
5New York
100%
4Texas
100%
9Georgia
98%
Los Angeles
95%
10Hawaii
93%
Houston
93%
3Nevada
93%
Atlanta
90%
Orlando
90%
8Arizona
88%
Honolulu
86%
Las Vegas
86%
Phoenix
83%
6Virginia
74%
7South Carolina
40%
Charleston
33%
Alexandria
24%

Score Distribution

Percentile by Number Answered

Percent of People with Each Score

Your Score History

You have not taken this quiz